| 000 | 00843nam a22002417a 4500 | ||
|---|---|---|---|
| 005 | 20251108165541.0 | ||
| 008 | 250721s1991 xx 000 0 ara d | ||
| 082 | 1 | 4 | _aط/005.1/واط |
| 100 | 1 |
_aواطس، ليزا _eمؤلف |
|
| 245 | 1 | 0 | _aالحيل و المهارات البرمجية : إرشادات و نصائح علميه / |
| 246 | 1 | 1 | _aUsborne Guile To Programming Tricksand Skill |
| 264 | 1 |
_aبيروت : _bالمؤسسة العربية، _c1991. |
|
| 300 | _a48ص. : مص | ||
| 490 | 0 | _aأوسبورن | |
| 650 | 1 | 7 | _aالحواسيب |
| 650 | 1 | 7 | _aبرامج الحاسوب |
| 650 | 1 | 7 | _aالمهارات الحاسوبية |
| 653 | _aناشئون كبار (15-18) سنة | ||
| 700 | 1 | _aهوارث، لس | |
| 700 | 1 |
_aالمومني، حيدر عبد الحميد _eTran. |
|
| 942 |
_2ddc _cBK |
||
| 999 |
_c30560 _d30560 |
||